| 000 | 03607njm0a2200481 4500 | ||
|---|---|---|---|
| 001 | RU\NLR\ONIZ\302889 | ||
| 005 | 20250708193929.0 | ||
| 035 | _a(NLR Aleph) 022051037 | ||
| 071 | 0 | 0 | _aС10-07803-4 |
| 090 |
_a13285451 _c13285451 |
||
| 100 | _a20231004g19 |||y0rusy50 ca | ||
| 102 | _aRU | ||
| 126 |
_aabbxexu ux _bxxx |
||
| 127 | _a004200 | ||
| 200 | 1 |
_aВокальные циклы _bЗвукозапись _fВ. Веселов |
|
| 203 |
_aМузыка _bисполнительская _cаудио |
||
| 210 |
_aМосква _cМелодия _d[19--] _gЗавод грампластинок _eЛенинград |
||
| 215 |
_a1 грп. [ГОСТ 5289-73] (40 мин) : 33 об/мин, стерео _d30 см, в конв |
||
| 327 | 1 |
_a1. Вокальный цикл на стихи А. Блока ; _a2. Апрельские песни : вокальный цикл на стихи А. Блока ; _a3. Сердце поэта : вокальный цикл на стихи Э. Межелайтиса / исполняют: Лидия Орлова, меццо-сопрано (1, 2), Николай Алексеев, (3), Ирина Головнева, фортепиано (1-3) |
|
| 464 | 0 |
_12001#$aВокальный цикл на стихи А. Блока _1702#1$9z01790$aБлок$bА. А.$gАлександр Александрович$f1880-1921$4520$7ca _1790#1$9z01702$aBlok$bA.$gAlekcandr$f1880-1921$4520$7ba _tВокальный цикл на стихи А. Блока |
|
| 464 | 0 |
_12001#$aАпрельские песни$eвокальный цикл на стихи А. Блока _1702#1$9z01790$aБлок$bА. А.$gАлександр Александрович$f1880-1921$4520$7ca _1790#1$9z01702$aBlok$bA.$gAlekcandr$f1880-1921$4520$7ba _tАпрельские песни |
|
| 464 | 0 |
_12001#$aСердце поэта$eвокальный цикл на стихи Э. Межелайтиса _1702#1$9z01790$aМежелайтис$bЭ.$gЭдуардас$f1919-1997$4520$7ca _1790#1$9z01702$aMieželaitis$bE.$gEduardas$f1919-1997$4520$7ba _tСердце поэта |
|
| 606 | 1 |
_aЦиклы вокальные для меццо-сопрано и фортепиано _yРоссия _z20 век _jЗвукозапись _2nlr_sh |
|
| 606 | 1 |
_aЦиклы вокальные для баритона и фортепиано _yРоссия _z20 век _jЗвукозапись _2nlr_sh |
|
| 606 | 1 |
_aМеццо-сопрано советские российские _z20-21 вв. _jЗвукозапись _2nlr_sh |
|
| 606 | 1 |
_aБаритоны советские российские _z20-21 вв. _jЗвукозапись _2nlr_sh |
|
| 686 | 0 | _aЩ943.2-043.2я44(2Р=Р) | |
| 700 | 1 |
_9z01790 _aВеселов _bВ. Ф. _f1931-1990 _gВадим Федорович _4230 _7ca |
|
| 702 | 1 |
_9z02790 _aОрлова _bЛ. _cмеццо-сопрано _gЛидия _4590 _4vms _7ca |
|
| 702 | 1 |
_9z03790 _aАлексеев _bН. Н. _cбаритон _f1932-2008 _gНиколай Николаевич _4590 _4vbr _7ca |
|
| 702 | 1 |
_9z04790 _aГоловнёва _bИ. _cфортепиано _gИрина _4590 _4kfp _7ca |
|
| 790 | 1 |
_9z01700 _aVeselov _bV. _ccomposer _f1931-1990 _gVadim _4230 _7ba |
|
| 790 | 1 |
_9z02702 _aOrlova _bL. _cmezzo-soprano _gLidija _4590 _4vms _7ba |
|
| 790 | 1 |
_9z03702 _aAlekseev _bN. _cbaritone _f1932-2008 _gNikolaj _4590 _4vbr _7ba |
|
| 790 | 1 |
_9z04702 _aGolovnjova _bI. _cpiano _gIrina _4590 _4kfp _7ba |
|
| 801 | 0 |
_aRU _bNLR _c20231004 _gPSBO |
|
| 801 | 1 |
_aRU _bNLR _c20231004 _2rusmarc |
|
| 801 | 2 |
_aRU _bNLR _c20231004 |
|
| 852 |
_aNLR _bМг _j3/9243 _p41810 _t1 |
||
| 942 | _cREC | ||
| 980 | _aNB | ||
| 980 | _aONIZ | ||